01566nam a22005057a 4500008004100000020001800041082001500059100004000074245007600114246007300190260007100263300003100334650004300365650001300408650002400421650001700445700001900462700001700481700003000498700001800528700002500546700001800571700002300589700002500612700002300637700002000660700002500680700002100705700002200726700002000748700002000768700001800788700001900806700002000825700002400845700002000869700002300889700002500912700002000937700002700957700001900984700001901003700002001022700001801042151019b xxu||||| |||| 00| 0 eng d a9789968982450 a708bV181e aAdán Antonio Vallecillo [curador] a+/- esperanzacAdán Antonio Vallecillo [curador], Fiorella Resenterra aEsperanza: Muestra colectiva de arte contemporáneo Latinoamericano aSan JosébMuseo de Arte y Diseño Contemporánreo (MADC)c2010 a64 p.bill. (col.)c25 cm. aArte ContemporáneozAmérica Latina aArtistas aCatálogos de arte aBellas Artes aBarraza, Mayra aCalel, Edgar aCalzadilla, Anyelmaidelin aCastillo,Eder aCastillo, Segismundo aConlon, Donna aCortés, Fernando aDomínguez, Natalia aEsquivel, Mauricio aFigueroa, Oscar aGonzález, Leonardo aHarker, Jonathan aRatton, Dominique aDalgo, Patricia aGranda, Belén aIbarra, Karlo aLinares, Jorge aMadriz, Lucía aManzanares, César aMiranda, Alexia aMolinaro, Martín aObdulio Peña, Omar aOquelí, Jorge aFrancisco Papas Fritas aPoyón, Angel aRomero, Miguel aTorres, Admín aVega, Simón